000 00795nam a2200193Ia 4500
008 151121s9999||||xx |||||||||||||| ||und||
082 _a814/वाळिंबे
082 _bHNW-71239
100 _aवाळिंबे वि। स।-अनु।पालखीवाला नानी
245 _aवुई दि नेशन
260 _b"मेहता पब्लिशिंग हाऊस, पुणे"
260 _c--
300 _a297
600 _aवाळिंबे वि। स।-अनु।पालखीवाला नानी
630 _aवुई दि नेशन
700 _aवाळिंबे वि। स।-अनु।पालखीवाला नानी
730 _aवुई दि नेशन
942 _cBOOK
999 _c1252709
_d1252706